00217nam a2200085Ia 450000100070000000500170000700800410002424500420006526000240010768903220250826161626.0250824s9999 xx 000 0 und d 0aVURUN KAHPEYEcHALİDE EDİP ADIVAR bÖZGÜR YAYINLARI